[Event "Crawley e2e4 Gatwick Challenger op 10"]
[Site "Crawley"]
[Date "2016.10.30"]
[Round "8"]
[White "Shepley, Julien M"]
[Black "Bryant, Jonathan"]
[Result "1/2-1/2"]
[WhiteElo "1997"]
[BlackElo "1811"]
[PlyCount "46"]
[EventDate "2016.10.26"]
[EventType "swiss"]
[EventRounds "9"]
[EventCountry "ENG"]
[SourceTitle "EXT 2019"]
[Source "ChessBase"]
[SourceDate "2018.10.10"]
[SourceVersion "1"]
[SourceVersionDate "2018.10.10"]
[SourceQuality "1"]

1. e4 g6 2. d4 Bg7 3. Nc3 d6 4. f4 Nf6 5. Nf3 0-0 6. Bd3 Na6 7. a3 c5 8. d5 Nc7 9. 0-0 Bg4 10. Qe1 e6 11. dxe6 fxe6 12. Qg3 Bxf3 13. Rxf3 Nh5 14. Qf2 Bd4 15. Be3 Bxe3 16. Qxe3 Qe7 17. Raf1 Rae8 18. Bc4 Kh8 19. a4 Nf6 20. Nb5 d5 21. Nxc7 Qxc7 22. Bb5 Re7 23. e5 Ne4 1/2-1/2

[Event "Crawley e2e4 Gatwick Challenger op 10"]
[Site "Crawley"]
[Date "2016.10.29"]
[Round "6"]
[White "Bryant, Jonathan"]
[Black "Ahluwalia, Amardip"]
[Result "1/2-1/2"]
[WhiteElo "1811"]
[BlackElo "1962"]
[PlyCount "65"]
[EventDate "2016.10.26"]
[EventType "swiss"]
[EventRounds "9"]
[EventCountry "ENG"]
[SourceTitle "EXT 2019"]
[Source "ChessBase"]
[SourceDate "2018.10.10"]
[SourceVersion "1"]
[SourceVersionDate "2018.10.10"]
[SourceQuality "1"]

1. Nf3 Nf6 2. c4 g6 3. Nc3 d5 4. cxd5 Nxd5 5. e4 Nxc3 6. dxc3 Qxd1+ 7. Kxd1 Bg7 8. Bf4 c6 9. Kc2 0-0 10. Nd2 Nd7 11. f3 b6 12. a4 Nf6 13. Bc4 Be6 14. Bxe6 fxe6 15. Be5 Rad8 16. Rhd1 Nd7 17. Bxg7 Kxg7 18. Nc4 Kf6 19. Rd2 Ne5 20. Nxe5 Rxd2+ 21. Kxd2 Kxe5 22. Ke3 Rd8 23. h4 Kf6 24. a5 b5 25. g4 a6 26. g5+ Kg7 27. f4 c5 28. Rf1 c4 29. Ke2 Rf8 30. Ke3 Rd8 31. Ke2 Rf8 32. Ke3 Rd8 33. Ke2 1/2-1/2

[Event "Prague Summer op-B 3rd"]
[Site "Prague"]
[Date "2016.08.09"]
[Round "6"]
[White "Wolkowski, Andrzej"]
[Black "Bryant, Jonathan"]
[Result "1/2-1/2"]
[WhiteElo "1457"]
[BlackElo "1842"]
[PlyCount "52"]
[EventDate "2016.08.05"]
[EventType "swiss"]
[EventRounds "9"]
[EventCountry "CZE"]
[SourceTitle "CBM 173 Extra"]
[Source "ChessBase"]
[SourceDate "2016.08.29"]
[SourceVersion "1"]
[SourceVersionDate "2016.08.29"]
[SourceQuality "1"]

1. d4 d6 2. Nf3 Bg4 3. c3 Nd7 4. h3 Bxf3 5. exf3 Ngf6 6. Bf4 e6 7. Bd3 Be7 8. 0-0 0-0 9. Re1 c5 10. dxc5 Nxc5 11. Bc2 Rc8 12. Nd2 Qb6 13. Nc4 Qc6 14. Qe2 b5 15. Ne3 Rfd8 16. Rad1 d5 17. Bb1 a6 18. Nc2 Ncd7 19. Nd4 Qb6 20. a3 Bc5 21. g4 Bxd4 22. Rxd4 Rc4 23. Be3 Qc7 24. Bf4 Qc5 25. Be3 Qc7 26. Bf4 Qc5 1/2-1/2

[Event "London Golders Green op 4th"]
[Site "London"]
[Date "2014.08.23"]
[Round "2"]
[White "Hand, Freddie"]
[Black "Bryant, Jonathan"]
[Result "0-1"]
[WhiteElo "1862"]
[BlackElo "1921"]
[PlyCount "188"]
[EventDate "2014.08.23"]
[EventType "swiss"]
[EventRounds "6"]
[EventCountry "ENG"]
[SourceTitle "EXT 2018"]
[Source "ChessBase"]
[SourceDate "2017.10.13"]
[SourceVersion "1"]
[SourceVersionDate "2017.10.13"]
[SourceQuality "1"]

1. d4 d6 2. e4 Nf6 3. f3 c5 4. Ne2 g6 5. c4 cxd4 6. Nxd4 Bg7 7. Be3 0-0 8. Nc3 Nc6 9. Be2 Bd7 10. 0-0 Nxd4 11. Bxd4 Bc6 12. b4 a5 13. a3 Nh5 14. Re1 axb4 15. Bxg7 Nxg7 16. axb4 Qb6+ 17. Kh1 Rxa1 18. Qxa1 Qxb4 19. Nd5 Bxd5 20. cxd5 Rc8 21. Rb1 Qc3 22. Qxc3 Rxc3 23. Kg1 Rc7 24. Ba6 bxa6 25. Rb8+ Ne8 26. Rxe8+ Kg7 27. Ra8 Rc1+ 28. Kf2 Ra1 29. f4 Kf6 30. g4 g5 31. fxg5+ Kxg5 32. Ra7 a5 33. Rxe7 a4 34. e5 dxe5 35. d6 Rd1 36. Rxe5+ Kxg4 37. Re4+ Kf5 38. Rxa4 Rxd6 39. Ra5+ Kg6 40. Kg3 f5 41. Ra8 Rd3+ 42. Kg2 Kg5 43. Ra7 h5 44. Ra4 Re3 45. Rb4 h4 46. Rc4 h3+ 47. Kf2 Ra3 48. Rb4 Ra8 49. Kg3 Ra3+ 50. Kf2 Kf6 51. Rb2 Ke5 52. Rb4 Kd5 53. Rf4 Ke5 54. Rb4 Rd3 55. Ra4 Rb3 56. Ra5+ Kf4 57. Ra4+ Kg5 58. Ra8 Kg4 59. Ra4+ f4 60. Ra2 Rf3+ 61. Ke2 Rb3 62. Kf2 Rb1 63. Ra3 Rb2+ 64. Kg1 Rg2+ 65. Kh1 Re2 66. Kg1 Re3 67. Ra2 Rd3 68. Rb2 Kf3 69. Rb1 Re3 70. Rf1+ Kg4 71. Ra1 Rb3 72. Rc1 Rb2 73. Rc3 Rb1+ 74. Kf2 Rh1 75. Rc8 Rxh2+ 76. Kg1 Rg2+ 77. Kh1 Ra2 78. Rb8 f3 79. Rg8+ Kf4 80. Rf8+ Ke3 81. Rb8 f2 82. Rb1 Re2 83. Rb3+ Kd4 84. Rf3 Re1+ 85. Kh2 f1Q 86. Rxf1 Rxf1 87. Kxh3 Rg1 88. Kh2 Rg8 89. Kh3 Ke4 90. Kh4 Kf5 91. Kh3 Kf4 92. Kh2 Kf3 93. Kh1 Kf2 94. Kh2 Rh8# 0-1

[Event "London op Congress August"]
[Site "London"]
[Date "2013.08.24"]
[Round "1"]
[White "French, Angus"]
[Black "Bryant, Jonathan"]
[Result "1-0"]
[WhiteElo "2003"]
[BlackElo "1911"]
[PlyCount "101"]
[EventDate "2013.08.24"]
[EventType "swiss"]
[EventRounds "6"]
[EventCountry "ENG"]
[SourceTitle "EXT 2023"]
[Source "ChessBase"]
[SourceDate "2022.10.05"]
[SourceVersion "1"]
[SourceVersionDate "2022.10.05"]
[SourceQuality "1"]

1. e4 e6 2. d4 d5 3. Nc3 dxe4 4. Nxe4 Bd7 5. Nf3 Bc6 6. Bd3 Nd7 7. 0-0 Ngf6 8. Nxf6+ Nxf6 9. c3 Bxf3 10. Qxf3 c6 11. Re1 Bd6 12. Bg5 0-0 13. Rad1 Re8 14. Bb1 Be7 15. Qd3 g6 16. a3 Nd5 17. Bh6 Bg5 18. Bxg5 Qxg5 19. Re5 Qf6 20. Rde1 Rad8 21. g3 Qg7 22. Ba2 Qf8 23. Qf3 Qg7 24. c4 Nc7 25. Qf4 Qf8 26. Ra5 Na6 27. Kg2 Qd6 28. Qxd6 Rxd6 29. d5 c5 30. b4 cxb4 31. c5 Rdd8 32. c6 bxc6 33. dxe6 Kf8 34. Rxa6 bxa3 35. Rxa7 fxe6 36. Rxa3 e5 37. Ra7 Ra8 38. Rf7+ Kg8 39. Bc4 Kh8 40. Rc7 Rac8 41. Rxc8 Rxc8 42. Rxe5 Rc7 43. Rc5 Kg7 44. Bd5 g5 45. Rxc6 Re7 46. Rb6 Re5 47. Rb7+ Kf6 48. Bc4 h6 49. Bd3 Rd5 50. Rb6+ Ke5 51. Be2 1-0

[Event "South Wales op 10th"]
[Site "Penarth"]
[Date "2013.07.16"]
[Round "5"]
[White "Bryant, Jonathan"]
[Black "Menadue, Jeremy FS"]
[Result "1/2-1/2"]
[WhiteElo "1926"]
[BlackElo "2145"]
[PlyCount "71"]
[EventDate "2013.07.14"]
[EventType "swiss"]
[EventRounds "9"]
[EventCountry "WLS"]
[SourceTitle "CBM 155 Extra"]
[Source "ChessBase"]
[SourceDate "2013.08.26"]
[SourceVersion "1"]
[SourceVersionDate "2013.08.26"]
[SourceQuality "1"]

1. Nf3 d5 2. d4 Nf6 3. c4 c6 4. Qc2 e6 5. g3 Nbd7 6. Bg2 Bd6 7. 0-0 0-0 8. Rd1 Ne4 9. Nc3 f5 10. Bf4 Bxf4 11. gxf4 Ndf6 12. Ne5 Nh5 13. e3 Bd7 14. Nxe4 fxe4 15. f3 exf3 16. Bxf3 Nf6 17. Kh1 Qe7 18. c5 Kh8 19. Rg1 Be8 20. Rg5 Rc8 21. Rag1 Rc7 22. R1g3 b6 23. b4 bxc5 24. bxc5 Rb7 25. Rh3 Kg8 26. Ng4 Bg6 27. Rxg6 hxg6 28. Ne5 Qe8 29. Nxg6 Kf7 30. Nxf8 Qxf8 31. Rg3 Qh8 32. Qg6+ Kf8 33. Rg1 Rb2 34. Rg2 Rxg2 35. Kxg2 Qh4 36. Qg3 1/2-1/2

[Event "South Wales op 10th"]
[Site "Penarth"]
[Date "2013.07.14"]
[Round "2"]
[White "Brown, Martin"]
[Black "Bryant, Jonathan"]
[Result "1-0"]
[WhiteElo "2203"]
[BlackElo "1926"]
[PlyCount "73"]
[EventDate "2013.07.14"]
[EventType "swiss"]
[EventRounds "9"]
[EventCountry "WLS"]
[SourceTitle "CBM 155 Extra"]
[Source "ChessBase"]
[SourceDate "2013.08.26"]
[SourceVersion "1"]
[SourceVersionDate "2013.08.26"]
[SourceQuality "1"]

1. e4 e5 2. Nf3 Nc6 3. d4 exd4 4. Nxd4 Nf6 5. Nxc6 bxc6 6. e5 Qe7 7. Qe2 Nd5 8. c4 Nb6 9. Nc3 Qe6 10. Qe4 g6 11. Bd3 Bg7 12. f4 d5 13. exd6 cxd6 14. Bd2 0-0 15. 0-0-0 d5 16. Qxe6 Bxe6 17. c5 Nd7 18. Na4 Bd4 19. Kb1 Rfb8 20. Rc1 Bf5 21. Bxf5 gxf5 22. Rhe1 Rb5 23. Be3 Bxe3 24. Rxe3 Rb4 25. Ra3 Rab8 26. g3 Nf6 27. b3 Re8 28. Nb2 Rb7 29. Ra6 Rc7 30. Nd3 Ne4 31. Ne5 Re6 32. Nf3 Rh6 33. Nd4 Rxh2 34. Rxc6 Rxc6 35. Nxc6 Rg2 36. Ne7+ Kf8 37. Nxf5 1-0

[Event "South Wales op 9th"]
[Site "Penarth"]
[Date "2012.07.12"]
[Round "9"]
[White "Thompson, Robert"]
[Black "Bryant, Jonathan"]
[Result "0-1"]
[WhiteElo "1985"]
[BlackElo "1908"]
[PlyCount "72"]
[EventDate "2012.07.08"]
[EventType "swiss"]
[EventRounds "9"]
[EventCountry "WLS"]
[SourceTitle "CBM 149 Extra"]
[Source "ChessBase"]
[SourceDate "2012.08.24"]
[SourceVersion "1"]
[SourceVersionDate "2012.08.24"]
[SourceQuality "1"]

1. c4 f5 2. g3 Nf6 3. Bg2 e6 4. Nf3 Be7 5. 0-0 0-0 6. d4 d6 7. b4 Ne4 8. Bb2 a5 9. b5 a4 10. Nbd2 d5 11. Rc1 Bd7 12. Qc2 c6 13. bxc6 Bxc6 14. Ne5 Nxd2 15. Qxd2 Nd7 16. Qe3 Nxe5 17. Qxe5 Qd7 18. cxd5 exd5 19. Qe3 Bd6 20. Ba3 Rae8 21. Qd3 Bxa3 22. Qxa3 Rxe2 23. Rc3 Qe7 24. Qxe7 Rxe7 25. Bf3 Kf7 26. Rc5 Rd8 27. Kg2 Ke6 28. Re1+ Kd6 29. Rxe7 Kxe7 30. Rc3 Kd6 31. Re3 Re8 32. a3 Rxe3 33. fxe3 b5 34. Bd1 b4 35. axb4 a3 36. Bb3 Bb5 0-1

[Event "South Wales op 9th"]
[Site "Penarth"]
[Date "2012.07.10"]
[Round "5"]
[White "Menadue, Jeremy FS"]
[Black "Bryant, Jonathan"]
[Result "1-0"]
[WhiteElo "2165"]
[BlackElo "1908"]
[PlyCount "23"]
[EventDate "2012.07.08"]
[EventType "swiss"]
[EventRounds "9"]
[EventCountry "WLS"]
[SourceTitle "CBM 149 Extra"]
[Source "ChessBase"]
[SourceDate "2012.08.24"]
[SourceVersion "1"]
[SourceVersionDate "2012.08.24"]
[SourceQuality "1"]

1. d4 e6 2. Nf3 f5 3. h3 Nf6 4. g4 fxg4 5. hxg4 d5 6. Qd3 Bd6 7. Ng5 e5 8. dxe5 Bxe5 9. Qg6+ hxg6 10. Rxh8+ Ke7 11. Rxd8 Bxb2 12. Rxc8 1-0

[Event "South Wales op 9th"]
[Site "Penarth"]
[Date "2012.07.09"]
[Round "4"]
[White "Bryant, Jonathan"]
[Black "Leconte, Jean Olivier"]
[Result "1/2-1/2"]
[WhiteElo "1908"]
[BlackElo "2298"]
[PlyCount "46"]
[EventDate "2012.07.08"]
[EventType "swiss"]
[EventRounds "9"]
[EventCountry "WLS"]
[SourceTitle "CBM 149 Extra"]
[Source "ChessBase"]
[SourceDate "2012.08.24"]
[SourceVersion "1"]
[SourceVersionDate "2012.08.24"]
[SourceQuality "1"]

1. d4 Nf6 2. Nf3 e6 3. c4 Bb4+ 4. Bd2 a5 5. Bxb4 axb4 6. g3 0-0 7. Bg2 d6 8. 0-0 Qe7 9. Qb3 c5 10. dxc5 dxc5 11. Ne5 Qc7 12. Qe3 Nbd7 13. Nxd7 Bxd7 14. Nd2 e5 15. Ne4 Nxe4 16. Bxe4 Be6 17. Bd5 Bxd5 18. cxd5 Qd6 19. Rfd1 c4 20. a3 b3 21. Rac1 Rfc8 22. Rc3 b5 23. Qe4 f6 1/2-1/2

[Event "London Classic op"]
[Site "London"]
[Date "2011.12.08"]
[Round "6"]
[White "Rudd, Jack"]
[Black "Bryant, Jonathan"]
[Result "1-0"]
[WhiteElo "2290"]
[BlackElo "2012"]
[PlyCount "57"]
[EventDate "2011.12.03"]
[EventType "swiss"]
[EventRounds "9"]
[EventCountry "ENG"]
[SourceTitle "CBM 145 Extra"]
[Source "ChessBase"]
[SourceDate "2012.01.03"]
[SourceVersion "1"]
[SourceVersionDate "2012.01.03"]
[SourceQuality "1"]

1. e4 e6 2. d4 d5 3. Nd2 Nf6 4. e5 Nfd7 5. f4 c5 6. c3 Nc6 7. Ndf3 cxd4 8. cxd4 a5 9. Bd3 a4 10. Ne2 Nb6 11. 0-0 g6 12. g4 h5 13. h3 Be7 14. Kg2 Bd7 15. Ng3 Nc4 16. f5 gxf5 17. gxf5 h4 18. fxe6 Bxe6 19. Nf5 Bxf5 20. Bxf5 Qb6 21. Rb1 N6a5 22. Qxa4+ Qc6 23. Qd1 b5 24. Bf4 Nb7 25. b3 Rxa2+ 26. Kh1 Nb2 27. Qe2 Qc3 28. Qxb5+ Kf8 29. Rbc1 1-0

[Event "Sunningdale e2e4 Major op"]
[Site "Sunningdale"]
[Date "2011.05.28"]
[Round "3"]
[White "Bryant, Jonathan"]
[Black "Prior, Stephen"]
[Result "1-0"]
[WhiteElo "1954"]
[BlackElo "1879"]
[PlyCount "95"]
[EventDate "2011.05.27"]
[EventType "swiss"]
[EventRounds "7"]
[EventCountry "ENG"]
[SourceTitle "EXT 2023"]
[Source "ChessBase"]
[SourceDate "2022.10.05"]
[SourceVersion "1"]
[SourceVersionDate "2022.10.05"]
[SourceQuality "1"]

1. Nf3 d5 2. d4 Nf6 3. c4 e6 4. Nc3 c6 5. Bg5 dxc4 6. e4 b5 7. e5 h6 8. Bh4 g5 9. Nxg5 hxg5 10. Bxg5 Be7 11. exf6 Bxf6 12. Bxf6 Qxf6 13. g3 Na6 14. Bg2 Nb4 15. 0-0 Nd5 16. Ne4 Qh6 17. h4 Bd7 18. Nc5 Ke7 19. Bxd5 cxd5 20. Qf3 Bc6 21. Rae1 a5 22. Re3 Rag8 23. Kh2 Qf6 24. Qxf6+ Kxf6 25. Rfe1 Re8 26. Kh3 Rh6 27. g4 Ke7 28. g5 Rg6 29. f4 Kd8 30. h5 Rh8 31. h6 Bd7 32. Kh4 f6 33. Kh5 Be8 34. Nxe6+ Kc8 35. Kh4 Bd7 36. Nc5 Rhxh6+ 37. gxh6 Rxh6+ 38. Kg3 Rh3+ 39. Kg2 Rxe3 40. Rxe3 Bf5 41. Re7 b4 42. Ra7 c3 43. bxc3 bxc3 44. Rxa5 Kc7 45. Nb3 Kb6 46. Rc5 c2 47. Kf2 Be4 48. Ke1 1-0

[Event "Southend op"]
[Site "London"]
[Date "2001.04.14"]
[Round "3"]
[White "Bryant, Jonathan"]
[Black "Feavyour, John"]
[Result "0-1"]
[WhiteElo "1624"]
[BlackElo "2108"]
[PlyCount "42"]
[EventDate "2001.04.13"]
[EventType "swiss"]
[EventRounds "7"]
[EventCountry "ENG"]
[SourceTitle "EXT 2006"]
[Source "ChessBase"]
[SourceDate "2005.11.24"]
[SourceVersion "1"]
[SourceVersionDate "2005.11.24"]
[SourceQuality "1"]

1. e4 e6 2. d4 d5 3. Nc3 Bb4 4. e5 c5 5. a3 Ba5 6. b4 cxd4 7. Qg4 Ne7 8. Qxg7 Rg8 9. Qxh7 dxc3 10. bxa5 Nbc6 11. Nf3 Qc7 12. Bb5 Bd7 13. Bxc6 Bxc6 14. Bf4 Bb5 15. Nd4 Ba6 16. h4 Rxg2 17. Bg5 Rxg5 18. hxg5 Qxe5+ 19. Kd1 Qxd4+ 20. Kc1 Qf4+ 21. Kb1 0-0-0 0-1